Im Anfang war kein Gott naturwissenschaftliche und theologische Perspektiven

Podrobná bibliografia
Ďalší autori: Benford, Gregory (Prispievateľ), Wabbel, Tobias Daniel (Editor)
Médium: Kniha
Jazyk:nemčina
Fyzický popis:289 s. 21 cm
Vydavateľské údaje: Düsseldorf Patmos c2004
ISBN:3491724775 (viaz.)
Predmet:

MARC

LEADER 00000nam a2200000 a 4500
001 vtls008153889
003 SK-MaSNL
005 20260301221832.0
008 050513s2004 gw g 000 0dger
020 |a 3491724775 (viaz.) 
040 |a SNK  |b slo  |c SNK  |e AACR2 
041 0 |a ger 
044 |a gw  |c DE 
072 7 |a 00  |x Veda. Všeobecnosti. Základy vedy a kultúry. Vedecká práca  |2 konspekt 
072 7 |a 2-1  |x Prirodzená teológia. Náboženská filozofia. Religionistika  |2 konspekt 
080 |a 167  |2 2001 
080 |a 52  |2 2001 
080 |a 2-184  |2 2001 
080 |a 2-14:165.02  |2 2001 
080 |a 27-141  |2 2001 
080 |a 001:2-1  |2 2001 
080 |a (048.8)  |2 2001 
245 0 0 |a Im Anfang war kein Gott  |b naturwissenschaftliche und theologische Perspektiven  |c herausgegeben von Tobias Daniel Wabbel ; mit Beiträgen von Gregory Benford ... [et al.] 
260 |a Düsseldorf  |b Patmos  |c c2004 
300 |a 289 s.  |c 21 cm 
650 0 7 |a Boh  |2 SNKPH  |9 2070 
650 0 7 |a poznateľnosť Boha  |2 SNKPH  |9 90341 
650 0 7 |a prírodné vedy  |2 SNKPH  |9 694 
650 0 7 |a veda a viera  |2 SNKPH  |9 4337 
655 7 |a štúdie  |2 SNKPH  |9 57033 
700 1 |a Benford, Gregory  |4 ctb  |9 610662 
700 1 |a Wabbel, Tobias Daniel  |4 edt  |9 610663 
919 |a 3-491-72477-5 
999 |c 937608  |d 939538 
952 |a SNK  |b SNK  |y VYP  |7 0  |p 17A0471694  |o snkIC 132346  |i snk2005/10302  |8 2  |g 31.30  |0 0  |1 0  |4 0  |d 2005-05-13  |l 0  |r 2026-02-24 09:08:31  |w 2026-02-24